Bungaku no tankyū : (Record no. 1807)

MARC details
000 -LEADER
fixed length control field 01252cam a22003491a 4500
001 - CONTROL NUMBER
control field data
005 - DATE AND TIME OF LATEST TRANSACTION
control field 20260322212119.0
008 - FIXED-LENGTH DATA ELEMENTS--GENERAL INFORMATION
fixed length control field data
035 ## - SYSTEM CONTROL NUMBER
System control number 10395054
010 ## - LIBRARY OF CONGRESS CONTROL NUMBER
LC control number 72789572
035 ## - SYSTEM CONTROL NUMBER
System control number (OCoLC)30045677
040 ## - CATALOGING SOURCE
Original cataloging agency IXA
Language of cataloging eng
Transcribing agency IXA
Modifying agency DLC
-- OCLCF
-- OCLCQ
-- OCLCO
-- DLC
042 ## - AUTHENTICATION CODE
Authentication code lccopycat
050 00 - LIBRARY OF CONGRESS CALL NUMBER
Classification number PN58
Item number .M54
066 ## - CHARACTER SETS PRESENT
Alternate G0 or G1 character set $1
100 1# - MAIN ENTRY--PERSONAL NAME
Linkage 880-01
Personal name Miyanishi, Kazumi,
Dates associated with a name 1897-1976.
245 10 - TITLE STATEMENT
Linkage 880-02
Title Bungaku no tankyū :
Remainder of title bungaku gairon /
Statement of responsibility, etc. Miyanishi Kazumi.
260 ## - PUBLICATION, DISTRIBUTION, ETC.
Linkage 880-03
Place of publication, distribution, etc. Tōkyō :
Name of publisher, distributor, etc. Ōfūsha,
Date of publication, distribution, etc. Shōwa 45 [1970]
300 ## - PHYSICAL DESCRIPTION
Extent 348 pages :
Other physical details illustrations ;
Dimensions 19 cm
336 ## - CONTENT TYPE
Content type term text
Content type code txt
Source rdacontent
337 ## - MEDIA TYPE
Media type term unmediated
Media type code n
Source rdamedia
338 ## - CARRIER TYPE
Carrier type term volume
Carrier type code nc
Source rdacarrier
504 ## - BIBLIOGRAPHY, ETC. NOTE
Bibliography, etc. note Includes bibliographical references.
650 #0 - SUBJECT ADDED ENTRY--TOPICAL TERM
Topical term or geographic name entry element Literature.
650 #7 - SUBJECT ADDED ENTRY--TOPICAL TERM
Topical term or geographic name entry element Literature.
Source of heading or term fast
Authority record control number or standard number (OCoLC)fst00999953
880 1# - ALTERNATE GRAPHIC REPRESENTATION
Linkage 100-01/$1
a $1!:|!X$!0!!OD(B,
d 1897-1976.
880 10 - ALTERNATE GRAPHIC REPRESENTATION
Linkage 245-02/$1
a $1!BX':`i$N!A)!Fa(B :
b $1!BX':`!EE!Y$(B /
c $1!:|!X$!0!!OD(B.
880 ## - ALTERNATE GRAPHIC REPRESENTATION
Linkage 260-03/$1
a $1!D&!0a(B :
b $1KEo!E/!Na(B,
c $1!C(!5w(B45 [1970]
906 ## - LOCAL DATA ELEMENT F, LDF (RLIN)
a 7
b cbc
c copycat
d 1
e ncip
f 20
g y-nonroman
991 ## -
-- c-GenColl
-- PN58
-- .M54 (Orien Japan)
-- Copy 1
-- PREM
Holdings
Withdrawn status Lost status Damaged status Not for loan Home library Current library Shelving location Date acquired Total checkouts Full call number Barcode Date last seen Price effective from Koha item type
        Franklin Franklin General stacks 22/03/2026   PN58 LOC-FRL-00043 22/03/2026 22/03/2026 Books